000 00852nam0a22002531 4500
001 rc\142057
005 20250620204726.0
035 _a(NLR Aleph) 005413291
090 _a7396833
_c7396833
100 _a20030307d1997 |||y0rusy50 ca
101 0 _arus
102 _aRU
105 _aa |||||||||
200 1 _aПраво на эксперимент
_eКат. выст.
210 _a[М.]
_cГос. музей В.В. Маяковского
_d1997
215 _a16 с.
_cил., цв. ил.
_d20
300 _aНа обл. авт.: Gustav Klucis
300 _aВ надзаг.: Ком. по культуре Москвы, Гос. музей В.В. Маяковского
700 1 _aКлуцис
_bГ.
_f1895-1944
_gГустав
801 0 _aRU
_bNLR
_gpsbo
801 1 _aRU
_bELAR
_2rusmarc
852 _aNLR
_bЭ
_jКП/К515,5
942 _cBOOK
980 _aNB